000 00702nam a22002177a 4500
003 UA-OsUOA
001 112967
007 ta
008 20150811b un ||||| |||| 00| 0 ukr d
100 _aАндрощук Г.О.
090 _a330(477)
_bА66
942 _cSA
040 _aUA-OsUOA
_bukr
_cUA-OsUOA
_dUA-OsUOA
245 _aМіграція інтелектуального капіталу: вплив на економіку та інноваційний розвиток
300 _aС.65-83
955 _a0
041 _aukr
080 _a330(477)
773 0 _w112966
_tРегіональна економіка
_dЛьвів
_d2015
_g2
650 7 _a330 Економіка взагалі
_2UDC
999 _c398770
_d398770